Florencia: photographs scottish scenery
-д хадгалсан:
| Формат: | Ном |
|---|---|
| Хэл сонгох: | англи |
| Хэвлэсэн: |
s.n
1950
|
| Нөхцлүүд: | |
| Шошгууд: |
Шошго нэмэх
Шошго байхгүй, Энэхүү баримтыг шошголох эхний хүн болох!
|
MARC
| LEADER | 00000nam a2200000 a 4500 | ||
|---|---|---|---|
| 001 | UCY4265 | ||
| 003 | CL-VaPUC | ||
| 008 | 950306e19500000US |||||||||||||||||eng|d | ||
| 082 | 0 | 4 | |a 709.4551 |b FLO |2 21 |
| 245 | 1 | 0 | |a Florencia: photographs scottish scenery |
| 300 | |a v | ||
| 942 | |c BK | ||
| 945 | |d 19950306 00:00:00 |a mfernand | ||
| 260 | |b s.n |c 1950 | ||
| 500 | |a v.5: Fotografías de arquitecturas, esculturas, pinturas, monumentos historicos de Florencia | ||
| 650 | 0 | |a Arte |9 265238 | |
| 650 | 0 | |a Fotografía |9 268495 | |
| 651 | 0 | |a Florencia |9 265683 | |
| 651 | 0 | |a Italia |9 254949 | |
| 583 | |a last modification |c 20120823 10:34:18 |k Rodrigo Vera | ||
| 999 | |c 232168 |d 232166 | ||
| 952 | |0 0 |1 0 |4 0 |6 709_455100000000000_FLO_1950 |7 0 |8 F |9 236258 |a BIBARQ |b BIBARQ |d 2019-11-15 |h v.5 |i 3061914 |o 709.4551 FLO 1950 |p 3061914 |r 2025-01-20 |w 2019-11-15 |y BK_F |k ARQ | ||